ბათუმის შოთა რუსთაველის სახელმწიფო უნივერსიტეტის ბიბლიოთეკა

Духовная культура Вавилонии : (ბიბ.ჩანაწერი № 61189)

000 -LEADER
fixed length control field 00592nam a22001577a 4500
005 - DATE AND TIME OF LATEST TRANSACTION
control field 20231229115324.0
008 - FIXED-LENGTH DATA ELEMENTS--GENERAL INFORMATION
fixed length control field 231229s1983 ru ||||| |||| 00| 0 rus d
041 ## - LANGUAGE CODE
Language code of text/sound track or separate title rus
080 ## - UNIVERSAL DECIMAL CLASSIFICATION NUMBER
Universal Decimal Classification number 008(354) К-50
100 ## - MAIN ENTRY--PERSONAL NAME
Personal name Клочков, И.С.
9 (RLIN) 20928
245 ## - TITLE STATEMENT
Title Духовная культура Вавилонии :
Remainder of title Человек, судьба, время (очерки) /
Statement of responsibility, etc. И.С. Клочков.
264 ## - PRODUCTION, PUBLICATION, DISTRIBUTION, MANUFACTURE, AND COPYRIGHT NOTICE
Place of production, publication, distribution, manufacture М.:
Name of producer, publisher, distributor, manufacturer Наука,
Date of production, publication, distribution, manufacture, or copyright notice 1983.
300 ## - PHYSICAL DESCRIPTION
Extent 206 с.;
Other physical details 20 см.
653 ## - INDEX TERM--UNCONTROLLED
keyword ბაბილონის სულიერი კულტურა
942 ## - ADDED ENTRY ELEMENTS (KOHA)
Source of classification or shelving scheme
Koha item type წიგნი
ეგზემპლარები
Withdrawn status Lost status Source of classification or shelving scheme Damaged status Not for loan Permanent Location Current Location Shelving location Date acquired Cost, normal purchase price Full call number Barcode Date last seen Copy number Uniform Resource Identifier Price effective from Koha item type Public note
          ბათუმის შოთა რუსთაველის სახელმწიფო უნივერსიტეტის მთავარი ბიბლიოთეკა ბათუმის შოთა რუსთაველის სახელმწიფო უნივერსიტეტის მთავარი ბიბლიოთეკა წიგნსაცავი 2023-12-29 4.00 008(354) К-50 65677 2023-12-29 65677 ბსუ-ს საპატიო დოქტორის გურამ ლორთქიფანიძის საჩუქარი 2023-12-29 წიგნი 4 ლ.